|
|
|
|
| LEADER |
00000cam a2200000 a 4500 |
| 001 |
vtls001421112 |
| 003 |
SK-MaSNL |
| 005 |
20260302001643.0 |
| 008 |
250313s1928 xo 000 f slo |
| 035 |
|
|
|a SNK000375958
|
| 035 |
|
|
|a urn:nbn:sk:snk-am3hbo4
|
| 035 |
|
|
|a 3C4DD98D-7C50-4A86-A62D-B9D358DF764D
|
| 035 |
|
|
|a urn:nbn:sk:snk-am009lz2
|
| 040 |
|
|
|a SNK
|b slo
|c SNK
|e AACR2
|
| 041 |
1 |
|
|a slo
|h fre
|
| 044 |
|
|
|a xo
|c SK
|
| 072 |
|
7 |
|a 821.133.1-3
|x Francúzska próza, francúzsky písaná
|2 konspekt
|
| 080 |
|
|
|a 821.133.1-31
|2 2011
|
| 100 |
1 |
|
|a Verne, Jules,
|d 1828-1905
|4 aut
|9 221838
|
| 245 |
1 |
0 |
|a Cesta do mesiaca
|c Jules Verne ; preložil Pavel Halaša ; s obrázkami od Riou a Montanta
|
| 260 |
|
|
|a V Žiline
|b O. Trávniček
|c 1928
|
| 300 |
|
|
|a 163 s.
|c 8°
|
| 655 |
|
7 |
|a francúzske romány
|2 SNKPH
|9 70252
|
| 655 |
|
7 |
|a dobrodružné romány
|2 SNKPH
|9 70486
|
| 700 |
1 |
|
|a Halaša, Pavol,
|d 1885-1969
|4 trl
|9 108877
|
| 852 |
|
|
|a Slovenská národná knižnica
|
| 954 |
|
|
|a beletria cudzojazyčná (svetová)
|2 lita
|
| 958 |
|
|
|a LX
|
| 999 |
|
|
|c 984749
|d 986679
|
| 952 |
|
|
|t P60, <05>, [BOOK], {605}
|a SNK
|b SNK
|y PREZ
|7 0
|p 17A0315310
|o snkSD 1777 D1
|0 0
|1 0
|4 0
|d 2001-09-24
|l 0
|r 2005-01-02 00:00:00
|w 2026-02-24
|
| 952 |
|
|
|a SNK
|b SNK
|y PREZ
|7 0
|p 17A0473270
|o snkSD 1777 D2
|i snkK 857/73
|0 0
|1 0
|4 0
|d 2005-06-18
|f 1
|l 0
|r 2026-02-24 11:30:08
|w 2026-02-24
|